000 00834nms a22002417a 4500
003 NALT
005 20250818095121.0
006 a|||pso|||| 00| 0
007 c| aa aaaaaaaa
008 220120b th ||||| |||| 00| 0 tha d
022 _a25396692
040 _aNALT
041 _atha
245 0 0 _aศิลปะและวัฒนธรรม
260 _aสํานักศิลปะและวัฒนธรรม มหาวิทยาลัยราชภัฏเชียงใหม่
310 _aรายปี
500 _aวารสารอิเล็กทรอนิกส์
650 0 _93745
_aศิลปวัฒนธรรม
850 _aNALT
856 4 0 _uhttp://www.culture.cmru.ac.th/web60/book-research/journal/
942 _cEJN
996 _ajintana.i
_bSERSTF
_c2025-08-18
999 _c98931
_d98931
998 _j755
_k นางจินตนา เอี่ยมคง